| 000 | 00608nam a2200205 a 4500 | ||
|---|---|---|---|
| 005 | 20210219153536.0 | ||
| 008 | 991125n 000 0 u | ||
| 035 | _aUPN01000105576 | ||
| 100 | _aGARCIA CANCLINI, Nestor | ||
| 222 |
_aEDUCACION : _bREVISTA DEL CONSEJO NACIONAL TECNICO DE LA EDUCACION |
||
| 245 | _a¿Difusión o acción cultural? | ||
| 300 | _a71-80 | ||
| 362 | _a1982 4a. época, vol. 8, no. 41, jul.-sep. | ||
| 653 | 0 | _aBIBLIOTECAS | |
| 653 | 0 | _aCASAS DE CULTURA | |
| 653 | 0 | _aEDUCACION ARTISTICA | |
| 653 | 0 | _aEXTENSION DE LA CULTURA | |
| 904 |
_aAC _b043387 |
||
| 905 | _aArticulo | ||
| 999 |
_c79531 _d79531 |
||